000 00484nam a22001577a 4500
999 _c5346
_d5346
003 GBCCL
005 20241126110539.0
008 180315b ||||| |||| 00| 0 eng d
040 _cgbc
082 _a248.32
_bGRE
245 _aThe Great Commission Prayer Crusade, Prayer handbook:
_bLearn how you can help change the world thru Prayer
260 _aSan Bernardino:
_bCampus Crusade for Christ,
_c1975
300 _a143 p.;
_bill.,
_c21 cm.
650 _aPrayer
_9332
942 _2ddc
_cBK
_01